<?xml version='1.0' encoding='UTF-8'?>
  <record xmlns="http://www.loc.gov/MARC21/slim">
    <leader>00000cem a22000007i 4500</leader>
    <controlfield tag="001">ocn980373277</controlfield>
    <controlfield tag="003">OCoLC</controlfield>
    <controlfield tag="005">20240127100239.6</controlfield>
    <controlfield tag="008">050921s1811    ne        a     0   dut d</controlfield>
    <datafield tag="040" ind1=" " ind2=" ">
      <subfield code="a">QGJ</subfield>
      <subfield code="b">dut</subfield>
      <subfield code="c">QGJ</subfield>
      <subfield code="d">QGJ</subfield>
      <subfield code="d">OCLCF</subfield>
      <subfield code="d">OCLCO</subfield>
      <subfield code="d">OCLCL</subfield>
    </datafield>
    <datafield tag="035" ind1=" " ind2=" ">
      <subfield code="a">(OCoLC)980373277</subfield>
    </datafield>
    <datafield tag="041" ind1=" " ind2=" ">
      <subfield code="a">dut</subfield>
    </datafield>
    <datafield tag="084" ind1=" " ind2=" ">
      <subfield code="a">74.20</subfield>
      <subfield code="2">bcl</subfield>
    </datafield>
    <datafield tag="100" ind1="1" ind2=" ">
      <subfield code="a">Boling, Cornelis.</subfield>
      <subfield code="4">srv</subfield>
      <subfield code="4">ctg</subfield>
    </datafield>
    <datafield tag="245" ind1="1" ind2="0">
      <subfield code="a">Kaart der haven van het Nieuwe Diep bij den Helder, aanwijzende de aldaar zedert 1782 aangelegde werken en gebouwen ter veilige leg- en bergplaats voor 's Rijks schepen van oorlog ... /</subfield>
      <subfield code="c">meetkundig opgenomen en gekaarteerd op last van de minister van den Waterstaat, door de landmeeter C. Boling in 1810 ; Dl. Veelwaard sculp 1811. Amstelodami.</subfield>
    </datafield>
    <datafield tag="255" ind1=" " ind2=" ">
      <subfield code="a">Schaal [ca. 1:5.000].</subfield>
    </datafield>
    <datafield tag="264" ind1=" " ind2="1">
      <subfield code="a">[Plaats van uitgave niet vastgesteld] :</subfield>
      <subfield code="b">[uitgever niet vastgesteld],</subfield>
      <subfield code="c">1811.</subfield>
    </datafield>
    <datafield tag="300" ind1=" " ind2=" ">
      <subfield code="a">1 krt. :</subfield>
      <subfield code="b">kopergrav. ;</subfield>
      <subfield code="c">59 x 92 cm</subfield>
    </datafield>
    <datafield tag="336" ind1=" " ind2=" ">
      <subfield code="a">cartografische afbeelding</subfield>
      <subfield code="b">cri</subfield>
      <subfield code="2">rdacontent/dut</subfield>
    </datafield>
    <datafield tag="337" ind1=" " ind2=" ">
      <subfield code="a">zonder medium</subfield>
      <subfield code="b">n</subfield>
      <subfield code="2">rdamedia/dut</subfield>
    </datafield>
    <datafield tag="338" ind1=" " ind2=" ">
      <subfield code="a">vel</subfield>
      <subfield code="b">nb</subfield>
      <subfield code="2">rdacarrier/dut</subfield>
    </datafield>
    <datafield tag="500" ind1=" " ind2=" ">
      <subfield code="a">Met 2 schaalstokken (150 Rynlandsche roede, 300 Fransche mêtres).</subfield>
    </datafield>
    <datafield tag="650" ind1=" " ind2="0">
      <subfield code="a">Harbors</subfield>
      <subfield code="z">Netherlands.</subfield>
    </datafield>
    <datafield tag="651" ind1=" " ind2="0">
      <subfield code="a">Den Helder (Netherlands)</subfield>
    </datafield>
    <datafield tag="650" ind1=" " ind2="7">
      <subfield code="a">Harbors</subfield>
      <subfield code="2">fast</subfield>
    </datafield>
    <datafield tag="651" ind1=" " ind2="7">
      <subfield code="a">Netherlands</subfield>
      <subfield code="2">fast</subfield>
    </datafield>
    <datafield tag="651" ind1=" " ind2="7">
      <subfield code="a">Netherlands</subfield>
      <subfield code="z">Den Helder</subfield>
      <subfield code="2">fast</subfield>
    </datafield>
    <datafield tag="650" ind1=" " ind2="7">
      <subfield code="a">Oorlogsschepen.</subfield>
      <subfield code="0">(NL-LeOCL)078613477.</subfield>
      <subfield code="2">gtt</subfield>
    </datafield>
    <datafield tag="650" ind1=" " ind2="7">
      <subfield code="a">Havens.</subfield>
      <subfield code="0">(NL-LeOCL)078530954.</subfield>
      <subfield code="2">gtt</subfield>
    </datafield>
    <datafield tag="651" ind1=" " ind2="7">
      <subfield code="a">Den Helder.</subfield>
      <subfield code="0">(NL-LeOCL)078481945.</subfield>
      <subfield code="2">gtt</subfield>
    </datafield>
    <datafield tag="655" ind1=" " ind2="7">
      <subfield code="a">Kaarten (vorm)</subfield>
      <subfield code="0">(NL-LeOCL)088143554.</subfield>
      <subfield code="2">gtt</subfield>
    </datafield>
    <datafield tag="700" ind1="1" ind2=" ">
      <subfield code="a">Veelwaard, D.</subfield>
      <subfield code="q">(Danie͏̈l),</subfield>
      <subfield code="c">etser, graveur, kaartgraveur,</subfield>
      <subfield code="d">1766-1851.</subfield>
      <subfield code="4">egr</subfield>
    </datafield>
    <datafield tag="758" ind1=" " ind2=" ">
      <subfield code="a">Kaart der haven van het Nieuwe Diep bij den Helder, aanwijzende de aldaar zedert 1782 aangelegde werken en gebouwen ter veilige leg- en bergplaats voor 's Rijks schepen van Oorlog (CartographicMaterial)</subfield>
      <subfield code="1">https://id.oclc.org/worldcat/entity/E39PCGJdyMbDt7tXTQgDhQbBKd</subfield>
      <subfield code="4">https://id.oclc.org/worldcat/ontology/hasWork</subfield>
    </datafield>
  </record>